| 000 | 00589nam a2200205 i 4500 | ||
|---|---|---|---|
| 001 | 78010 | ||
| 003 | ES-MaACL | ||
| 007 | t| | ||
| 008 | 041008s1942 sp ||||1| spa d | ||
| 100 | 1 |
_aHamsun, Knut. _961705 |
|
| 245 | 1 | 0 |
_aBenoni / _cpor Knut Hamsun ; [traducción de Rafaela Ferro]. |
| 250 | _a[1ª ed.]. | ||
| 260 |
_a[S.l. : _bs.n., _c1942] ( _eBarcelona : _fRex) |
||
| 300 |
_a251 p. ; _c20 cm. |
||
| 490 | 1 | _aColección Aretusa | |
| 700 | 1 |
_aFerro, Rafaela. _950596 |
|
| 830 | 0 |
_aColección Aretusa _9181543 |
|
| 852 |
_aES-MaACL _jE-936 _bR.27173 |
||
| 999 |
_c78010 _d78010 |
||